000 00506nam a2200169 i 4500
001 84336
003 ES-MaACL
005 20250830063056.0
007 t|
008 041122s1925 sp ||||1| spa d
100 1 _aGiménez Soler, Andrés,
_d1869-1938
_966618
245 1 3 _aLa enseñanza y los ideales patrios /
_cAndrés Jiménez Soler.
260 _aZaragoza :
_b[s.n.,
_c1925] (
_fTip. La Académica)
300 _a36 p. ;
_c25 cm.
852 _aES-MaACL
_j1599-F-15
999 _c84336
_d84336